Statistics for Top 100 NFL Players 2020

Click here to take the quiz!

General Stats

  • This quiz has been taken 77 times
  • The average score is 64 of 100

Answer Stats

Players% Correct
Patrick Mahomes
98%
Russell Wilson
98%
Tom Brady
98%
Aaron Donald
97%
Drew Brees
97%
Earl Thomas
97%
Lamar Jackson
97%
Michael Thomas
97%
Christian McCaffrey
95%
Aaron Jones
94%
Aaron Rodgers
94%
Chandler Jones
94%
Chris Jones
94%
Julio Jones
94%
DeAndre Hopkins
92%
Derrick Henry
92%
Tyreek Hill
89%
J.J. Watt
87%
T.J. Watt
87%
Joey Bosa
86%
Nick Bosa
86%
George Kittle
84%
Harrison Smith
84%
Khalil Mack
84%
Travis Kelce
84%
Ezekiel Elliott
83%
Jason Kelce
83%
Jaylon Smith
83%
Preston Smith
83%
Tyron Smith
83%
Za'Darius Smith
83%
Bobby Wagner
81%
Dak Prescott
79%
Deshaun Watson
79%
Stephon Gilmore
79%
Von Miller
78%
Dalvin Cook
76%
Davante Adams
76%
Jamal Adams
76%
Mike Evans
76%
Stefon Diggs
76%
Alvin Kamara
73%
DK Metcalf
71%
Odell Beckham Jr.
71%
Tyler Lockett
71%
Richard Sherman
70%
Saquon Barkley
70%
Cameron Jordan
68%
Chris Godwin
68%
Nick Chubb
68%
Kirk Cousins
67%
Kyler Murray
67%
Logan Ryan
67%
Tre'Davious White
67%
Amari Cooper
63%
Jimmy Garoppolo
62%
Mark Ingram
62%
Jarvis Landry
60%
Josh Allen
59%
Keenan Allen
59%
Marcus Peters
59%
Chris Carson
57%
Todd Gurley
57%
Ryan Tannehill
56%
Jalen Ramsey
54%
Zach Martin
54%
Marshon Lattimore
52%
Quenton Nelson
52%
Tyrann Mathieu
49%
Darius Leonard
48%
DeForest Buckner
48%
Myles Garrett
48%
Shaq Barrett
48%
Danielle Hunter
46%
Lavonte David
46%
Marlon Humphrey
46%
Demario Davis
44%
Cooper Kupp
43%
Allen Robinson
41%
Minkah Fitzpatrick
41%
Fletcher Cox
40%
Fred Warner
38%
Josh Jacobs
38%
Cameron Heyward
37%
Jadeveon Clowney
37%
Larry Fitzgerald
37%
Zach Ertz
37%
Calais Campbell
35%
Darren Waller
30%
David Bakhtiari
30%
Budda Baker
29%
Frank Clark
29%
Grady Jarrett
27%
Eric Kendricks
25%
Darius Slay
24%
Ronnie Stanley
22%
Jurrell Casey
21%
Brandon Brooks
19%
Larmey Tunsil
19%
Ryan Ramczyk
19%

Score Distribution

Percentile by Number Answered

Percent of People with Each Score

Your Score History

You have not taken this quiz